LIBRARY & INFORMATION CENTRE, KCAET, TAVANUR

ONLINE PUBLIC ACCESS CATALOGUE (OPAC)

Fluid mechanics / (Record no. 1775)

MARC details
000 -LEADER
fixed length control field 00470cam a2200181ua 4500
041 ## - LANGUAGE CODE
Language code of text/sound track or separate title eng
082 ## - DEWEY DECIMAL CLASSIFICATION NUMBER
Classification number 532
Item number ALL/FL
100 ## - MAIN ENTRY--AUTHOR NAME
Personal name Allen, Theodore .
245 ## - TITLE STATEMENT
Title Fluid mechanics /
250 ## - EDITION STATEMENT
Edition statement 1 /
260 ## - PUBLICATION, DISTRIBUTION, ETC. (IMPRINT)
Place of publication New Delhi :
Name of publisher Mc Graw Hill Book Company ,
Year of publication 1972.
300 ## - PHYSICAL DESCRIPTION
Number of Pages 415 :
Other physical details ` ; .
700 1# - ADDED ENTRY--PERSONAL NAME
Personal name Ditsworth, Richard.L .
942 ## - ADDED ENTRY ELEMENTS (KOHA)
Koha item type Books
Holdings
Withdrawn status Lost status Damaged status Home library Current library Date acquired Full call number Accession Number Koha item type
Withdrawn Lost and Paid For   KAUAET KAUAET 07/04/2012 532 15680 Books
free website counter